00333 2200145 4500245004800000250001100048100002400059650001600083650001400099005001900113260001800132041001400150084001400164336000900178 aPotongan SayurancKhoirunnisa Aulia RhText aCet. 1 aKhoirunnisa Aulia R aKarya Siswa aScrapbook a20250526100449 aJakartac2025 aIndonesia a081 KHO p atext